Rozvoj inovačného potenciálu Slovenska
Navrhnutie faktorov inovačného potenciálu - nástrojov inovačného systému, ktoré umožnia podnikom, vysokým školám, výskumným organizáciám spolupracovať, vytvoriť partnerstvá a spoločne prostredníctvom produktových, procesných, marketingových a organizačných inovácií byť konkurencieschopnejší, efektív...
Salvato in:
| Autore principale: | |
|---|---|
| Natura: | Capitolo di libro |
| Lingua: | slovacco |
| Soggetti: | |
| Tags: |
Nessun Tag, puoi essere il primo ad aggiungerne!!
|
MARC
| LEADER | 00000nla$a2200000$$$4500 | ||
|---|---|---|---|
| 001 | 0116826 | ||
| 005 | 20240502072313.3 | ||
| 041 | 0 | |a slo | |
| 044 | |a SK | ||
| 245 | 1 | 0 | |a Rozvoj inovačného potenciálu Slovenska |c Jozef Čimo |
| 520 | |a Navrhnutie faktorov inovačného potenciálu - nástrojov inovačného systému, ktoré umožnia podnikom, vysokým školám, výskumným organizáciám spolupracovať, vytvoriť partnerstvá a spoločne prostredníctvom produktových, procesných, marketingových a organizačných inovácií byť konkurencieschopnejší, efektívnejší a vytvárať nové pracovné príležitosti. | ||
| 610 | 2 | 0 | |a vedomosti |
| 610 | 2 | 0 | |a transfer inovácií |
| 610 | 2 | 0 | |a inkubátory technologické |
| 610 | 2 | 0 | |a inovácia |
| 610 | 2 | 0 | |a centrá inovačné |
| 610 | 2 | 0 | |a vzdelávanie celoživotné |
| 610 | 2 | 0 | |a školy vysoké |
| 610 | 2 | 0 | |a podnik |
| 610 | 2 | 0 | |a výskum |
| 610 | 2 | 0 | |a partnerstvo strategické |
| 610 | 2 | 0 | |a konkurencieschopnosť |
| 100 | 1 | |a Čimo, Jozef | |